| 000 | nam a22 a 4500 | ||
|---|---|---|---|
| 999 |
_c3286 _d3286 |
||
| 005 | 20170522105505.0 | ||
| 008 | 170522s2005 th ||||| |||| 00| 0 eng d | ||
| 040 | _aAKMAL | ||
| 082 | _a352.4485 MEE | ||
| 090 |
_a352.4485 _bMEE |
||
| 245 | 1 | 0 |
_aReport Of The Sixth Meeting Of The Asean Coordinators Of Customs Training Centres ( 6th ACCTC ) / _cThai Customs Training Institute. |
| 260 |
_aThailand; _bThai Customs Training Institute, _c2005. |
||
| 300 |
_avarious paging _c30cm |
||
| 650 | 1 | 0 |
_aCustoms Administration _xLaw and legislation _96000 |
| 710 | 1 | 0 |
_a Asean Coordinators Of Customs Training Centres _bThai Customs Training Institute. _96695 |
| 942 |
_2ddc _cBOOK |
||
| 950 | _lAKMAL | ||